Loading...
| Painting/Sculpture | 0 | 5 | 1 | 1 | 45 | 35 | 93.20 | 1 | 3 |
| History - World History | 0 | 5 | 1 | 0 | 45 | 16 | 49.60 | 1 | 3 |
| History - Other History | 0 | 5 | 2 | 0 | 40 | 49 | 72.80 | 1 | 3 |
| Fine Arts - Other Fine Arts | 0 | 4 | 0 | 1 | 40 | 51 | 73.00 | 1 | 2 |
| History - American History | 0 | 4 | 1 | 1 | 35 | 43 | 69.50 | 0 | 1 |
| Pop Culture | 0 | 3 | 0 | 0 | 30 | 23 | 39.33 | 2 | 2 |
| History - European History | 0 | 3 | 0 | 0 | 30 | 11 | 49.67 | 1 | 2 |
| Geography | 0 | 3 | 1 | 0 | 25 | 59 | 73.00 | 0 | 0 |
| Fine Arts - Classical Music | 0 | 2 | 0 | 1 | 20 | 87 | 92.00 | 0 | 0 |
| Science - Biology | 0 | 2 | 0 | 1 | 20 | 63 | 86.00 | 0 | 0 |
| Mythology | 0 | 2 | 0 | 1 | 20 | 49 | 82.50 | 0 | 1 |
| Religion | 0 | 2 | 0 | 0 | 20 | 70 | 81.50 | 0 | 2 |
| Philosophy | 0 | 2 | 0 | 0 | 20 | 18 | 52.50 | 1 | 1 |
| Literature - British Literature | 0 | 1 | 0 | 0 | 10 | 28 | 28.00 | 1 | 1 |
| Science - Other Science | 0 | 1 | 0 | 0 | 10 | 58 | 58.00 | 0 | 1 |
| Literature - World Literature | 0 | 1 | 0 | 0 | 10 | 63 | 63.00 | 1 | 1 |
| Social Science | 0 | 1 | 1 | 0 | 5 | 82 | 82.00 | 0 | 0 |
| Current Events | 0 | 1 | 2 | 0 | 0 | 34 | 34.00 | 1 | 1 |